Informačné technológie v znalostnej ekonomike recenzovaný zborník vedeckých statí
Saved in:
| Corporate Author: | |
|---|---|
| Other Authors: | , , , |
| Format: | Book |
| Language: | Slovak English |
| Published: |
Bratislava
Vydavateľstvo EKONÓM
2018
|
| Edition: | 1. vydanie |
| Subjects: | |
| Tags: |
No Tags, Be the first to tag this record!
|
MARC
| LEADER | 00000nlm a2200000 4500 | ||
|---|---|---|---|
| 001 | 0252251 | ||
| 005 | 20240704112821.9 | ||
| 020 | |a 978-80-225-4580-8 | ||
| 041 | 0 | |a slo | |
| 041 | 0 | |a eng | |
| 044 | |a SK | ||
| 245 | 1 | 0 | |a Informačné technológie v znalostnej ekonomike |b recenzovaný zborník vedeckých statí |c zostavovatelia: Miloš Bodiš, Vladimír Bolek ; recenzenti: Anita Romanová, Rastislav Šupšák |
| 250 | |a 1. vydanie | ||
| 264 | 1 | |a Bratislava |b Vydavateľstvo EKONÓM |c 2018 | |
| 300 | |a CD-ROM [170 s.] [8,4 AH] | ||
| 610 | 2 | 0 | |a technológie informačné |
| 610 | 2 | 0 | |a ekonomika znalostná |
| 610 | 2 | 0 | |a bezpečnosť informačná |
| 610 | 2 | 0 | |a softvér |
| 610 | 2 | 0 | |a rozhodovanie podnikové |
| 610 | 2 | 0 | |a kultúra podniková |
| 610 | 2 | 0 | |a systémy informačné |
| 610 | 2 | 0 | |a obchod elektronický |
| 610 | 2 | 0 | |a vzdelávanie elektronické |
| 700 | 1 | |a Bodiš, Miloš | |
| 700 | 1 | |a Bolek, Vladimír, 1988- | |
| 700 | 1 | |a Romanová, Anita, 1973- | |
| 700 | 1 | |a Šupšák, Rastislav, 1988- | |
| 710 | 2 | |a Fakulta podnikového manažmentu EU. Katedra informačného manažmentu | |